ბათუმის შოთა რუსთაველის სახელმწიფო უნივერსიტეტის ბიბლიოთეკა

ქაღალდის წერო (ბიბ.ჩანაწერი № 42995)

000 -LEADER
fixed length control field 00744nam a2200217Ia 4500
001 - CONTROL NUMBER
control field 9712
003 - CONTROL NUMBER IDENTIFIER
control field GE_BSU
008 - FIXED-LENGTH DATA ELEMENTS--GENERAL INFORMATION
fixed length control field 181216s||||||||xx |||||||||||||| ||und||
040 ## - CATALOGING SOURCE
Transcribing agency GE_BSU
080 ## - UNIVERSAL DECIMAL CLASSIFICATION NUMBER
Universal Decimal Classification number 908(479.22)+821.353.
100 ## - MAIN ENTRY--PERSONAL NAME
Personal name ნაცვლიშვილი,პაატა
245 ## - TITLE STATEMENT
Title ქაღალდის წერო
245 ## - TITLE STATEMENT
Remainder of title ნარკვევები
245 ## - TITLE STATEMENT
Statement of responsibility, etc. რედ.იპოლიტე გამსახურდია.მხატვ.ვახტანგ რურუა
260 ## - PUBLICATION, DISTRIBUTION, ETC.
Place of publication, distribution, etc. თბილისი
260 ## - PUBLICATION, DISTRIBUTION, ETC.
Name of publisher, distributor, etc. საბჭოთა საქართველო
260 ## - PUBLICATION, DISTRIBUTION, ETC.
Date of publication, distribution, etc. 1981
300 ## - PHYSICAL DESCRIPTION
Extent 213გვ.16სმ.
653 ## - INDEX TERM--UNCONTROLLED
Uncontrolled term ქაღალდის წერო
942 ## - ADDED ENTRY ELEMENTS (KOHA)
Koha item type წიგნი
ეგზემპლარები
Withdrawn status Lost status Damaged status Not for loan Date acquired Barcode Date last seen Price effective from Koha item type
        2018-12-17 32827 2018-12-17 2018-12-17 წიგნი
        2018-12-17 32828 2018-12-17 2018-12-17 წიგნი